000
00252nam a2200097Ia 4500
082
_a
AF GOUW
245
0
_a
Verbeelde liefde
100
_a
GOUWS, Zoe Kaapstad, 2003 1ste uitg
_9
92666
942
_c
BK
008
210817s9999 xx 000 0 und d
999
_c
378158
_d
378157